| 000 | 00000nam##2200000za#4500 |
| 001 | 9.642290 |
| 003 | CaOODSP |
| 005 | 20210624223628 |
| 007 | cr ||||||||||| |
| 008 | 150407|2013||||xxc|||||o f|0| 0 fre|d |
| 020 | |a978-0-660-21140-4 |
| 040 | |aCaOODSP|bfre |
| 043 | |an-cn--- |
| 086 | 1 |aEn4-227/1-2013F-PDF |
| 110 | 1 |aCanada. |bEnvironnement Canada. |
| 245 | 10|aLes indicateurs sur la santé de la mer des Salish : |h[ressource électronique]|brésumé / |cce projet résulte d'un partenariat entre Environnement Canada et l'Environmental Protection Agency des États-Unis. |
| 260 | |aGatineau - Québec : |bEnvironnement Canada |cJuillet 2013. |
| 300 | |a4p.|bcarte en couleur, photographies |
| 590 | |a13-41|b2013-10-11 |
| 691 | 07|aÉcosystème|2gcpds |
| 775 | 08|tSalish Sea transboundary ecosystem indicators : |w(CaOODSP)9.698278 |
| 794 | |tLes indicateurs sur la santé de la mer des Salish : |w(CaOODSP)9.900502 |
| 856 | 40|ahttp://publications.gc.ca|qPDF|s4.43 Mo|uhttps://publications.gc.ca/collections/collection_2013/ec/En4-227-1-2013-fra.pdf |